Jinnah and Rafi Butt (Record no. 34781)

MARC details
000 -LEADER
fixed length control field 00449nam a22001577a 4500
005 - DATE AND TIME OF LATEST TRANSACTION
control field 20231206084505.0
008 - FIXED-LENGTH DATA ELEMENTS--GENERAL INFORMATION
fixed length control field 231206b |||||||| |||| 00| 0 eng d
020 ## - INTERNATIONAL STANDARD BOOK NUMBER
ISBN 978-969-652-146-4
082 ## - DEWEY DECIMAL CLASSIFICATION NUMBER
Classification number 330.9549
Item number NAU
100 ## - MAIN ENTRY--AUTHOR
Author Name Dr.Naureen Talha
245 ## - TITLE STATEMENT
Title Jinnah and Rafi Butt
Remainder of title Contribution to Pakistan's Economy
260 ## - PUBLICATION, DISTRIBUTION, ETC.
Place of Publication Lahore
Name of publisher, distributor, etc. Jnnah Rafi Foundation
Date of publication, distribution, etc. 2019
300 ## - PHYSICAL DESCRIPTION
Pages 229
650 ## - SUBJECT ADDED ENTRY--TOPICAL TERM
Subject / Department Social Sciences/Economics
245 ## - TITLE STATEMENT
-- English

No items available.

Powered by Koha